Der Hofjude im Zeitalter des Absolutismus : ein Beitrag zur europäischen Geschichte im 17. und 18. Jahrhundert

Bibliographische Detailangaben
1. Verfasser: Stern, Selma 1890-1981 (VerfasserIn)
Weitere Verfasser: Sassenberg, Marina 1958-
Format: Buch
Sprache:German
Veröffentlicht: Tübingen : Mohr Siebeck, 2001
Mit dem übergeordneten Werk verknüpfte Titel:Schriftenreihe wissenschaftlicher Abhandlungen des Leo-Baeck-Instituts 64
Zugriff auf das übergeordnete Werk:Schriftenreihe wissenschaftlicher Abhandlungen des Leo-Baeck-Instituts
Schlagworte:Court Jews Jews Judenfrage Hoffaktor Geschichte 1600-1800 Judentum Absolutismus Europa 17.-18. Jh. Hofjude mehr... Elite Judenemanzipation
Umfang:X, 285 S.
LEADER 01000cam a2200265 c 4500
001 33264152X
003 DE-627
005 20260223170903.0
007 tu
008 010810s2001 gw ||||| 00| ||ger c
015 |a 01,N34,1023  |2 dnb 
015 |a 01,A48,1879  |2 dnb 
016 7 |a 962073792  |2 DE-101 
020 |a 316147662X  |q gb. : DM 128.00, sFr 109.00, S 934.00, Eur 64,00 
035 |a (DE-627)33264152X 
035 |a (DE-603)099723662 
035 |a (DE-576)094538603 
035 |a (DE-599)DNB962073792 
035 |a (OCoLC)248326118 
035 |a (OCoLC)48272743 
040 |a DE-627  |b ger  |c DE-627  |e rakwb 
041 |a ger  |h eng 
044 |c XA-DE 
050 0 |a DS135.G32 
082 0 |a 305.8924043  |q BSZ 
084 |a 63  |2 sdnb 
084 |a 64  |a 63  |2 sdnb 
084 |a 63  |a 65  |a 64  |2 sdnb 
084 |a 8  |2 ssgn 
084 |a BD 5810  |q BVB  |2 rvk  |0 (DE-625)rvk/10175: 
084 |a NY 4550  |2 rvk  |0 (DE-625)rvk/132344: 
084 |a NY 4610  |2 rvk  |0 (DE-625)rvk/132347: 
084 |a 15.96  |2 bkl 
084 |a 15.34  |2 bkl 
090 |a a 
100 1 |a Stern, Selma  |d 1890-1981  |e verfasserin  |0 (DE-588)119368161  |0 (DE-627)133423794  |0 (DE-576)163192529  |4 aut 
240 1 4 |a The court Jew <dt.> 
245 1 4 |a Der Hofjude im Zeitalter des Absolutismus  |b ein Beitrag zur europäischen Geschichte im 17. und 18. Jahrhundert  |c Selma Stern. Aus dem Engl. übertragen, kommentiert und hrsg. von Marina Sassenberg 
263 |a Gb. : DM 128.00, sfr 109.00, S 934.00 
264 1 |a Tübingen  |b Mohr Siebeck  |c 2001 
300 |a X, 285 S.  |b Ill.  |c 24 cm 
336 |a Text  |b txt  |2 rdacontent 
337 |a ohne Hilfsmittel zu benutzen  |b n  |2 rdamedia 
338 |a Band  |b nc  |2 rdacarrier 
490 1 |a Schriftenreihe wissenschaftlicher Abhandlungen des Leo-Baeck-Instituts  |v 64 
500 |a Literaturverz. S. [265] - 273 
505 8 |a Literaturverz. S. [265] - 273 
583 1 |a Archivierung/Langzeitarchivierung gewährleistet  |f PEBW  |x XA-DE-BW  |2 pdager  |5 DE-24 
583 1 |a Archivierung/Langzeitarchivierung gewährleistet  |f REG  |x XA-DE-NI  |2 pdager  |5 DE-35 
648 7 |a Geschichte 1600-1800  |2 gnd 
650 4 |a Court Jews  |x Germany 
650 4 |a Jews  |x Germany  |x Economic conditions 
650 4 |a Judenfrage 
651 4 |a Germany  |x Economic conditions 
689 0 0 |D s  |0 (DE-588)4160404-0  |0 (DE-627)105478091  |0 (DE-576)209857501  |a Hoffaktor  |2 gnd 
689 0 1 |A z  |2 gnd  |a Geschichte 1600-1800 
689 0 |5 DE-101 
689 1 0 |A z  |2 gnd  |a Geschichte 1600-1800 
689 1 |5 (DE-627) 
700 1 |a Sassenberg, Marina  |d 1958-  |e verfasserin  |0 (DE-588)12029804X  |0 (DE-627)080587127  |0 (DE-576)178538167  |4 aut 
700 1 2 |a Stern, Selma  |d 1890-1981  |t The court Jew <dt.> 
787 0 8 |i Rezensiert in  |a Schönhagen, Benigna, 1952 -   |t [Rezension von: Stern, Selma, Der Hofjude im Zeitalter des Absolutismus]  |d 2004  |w (DE-627)1841929603 
810 2 |a Leo Baeck Institute  |t Schriftenreihe wissenschaftlicher Abhandlungen des Leo-Baeck-Instituts  |v 64  |9 64  |w (DE-627)130116270  |w (DE-576)015646580  |w (DE-600)504565-4  |x 0459-097X  |7 am 
856 4 2 |u http://d-nb.info/962073792/04  |m B:DE-101  |q pdf/application  |v 20161126003402  |x Verlag  |3 Inhaltsverzeichnis  |7 1 
856 4 2 |u http://www.sehepunkte.de/2009/02/14468.html  |m V:DE-576;X:Sehepunkte  |q text/html  |v 20180413093455  |3 Rezension  |7 1 
856 4 2 |u http://scans.hebis.de/HEBCGI/show.pl?09972366_toc.pdf  |m V:DE-603;B:DE-17  |q application/pdf  |3 Inhaltsverzeichnis  |7 1 
912 |a GBV_ILN_11 
912 |a ISIL_DE-1a 
912 |a SYSFLAG_1 
912 |a GBV_KXP 
912 |a SSG-OPC-ANG 
912 |a SSG-OPC-JFK 
912 |a SSG-OPC-NBHAN 
912 |a GBV_ILN_21 
912 |a ISIL_DE-46 
912 |a GBV_ILN_22 
912 |a ISIL_DE-18 
912 |a GBV_ILN_22_i22708 
912 |a GBV_ILN_22_i25008 
912 |a GBV_ILN_24 
912 |a ISIL_DE-8 
912 |a GBV_ILN_31 
912 |a ISIL_DE-27 
912 |a GBV_ILN_40 
912 |a ISIL_DE-7 
912 |a GBV_ILN_40_i053 
912 |a GBV_ILN_50 
912 |a ISIL_DE-23 
912 |a GBV_ILN_60 
912 |a ISIL_DE-705 
912 |a GBV_ILN_61 
912 |a ISIL_DE-32 
912 |a GBV_ILN_65 
912 |a ISIL_DE-3 
912 |a GBV_ILN_65_a219 
912 |a GBV_ILN_69 
912 |a ISIL_DE-9 
912 |a GBV_ILN_72 
912 |a ISIL_DE-35 
912 |a GBV_ILN_100 
912 |a ISIL_DE-Ma9 
912 |a GBV_ILN_120 
912 |a ISIL_DE-715 
912 |a GBV_ILN_121 
912 |a ISIL_DE-45 
912 |a GBV_ILN_123 
912 |a ISIL_DE-Ha33 
912 |a GBV_ILN_130 
912 |a ISIL_DE-700 
912 |a GBV_ILN_131 
912 |a ISIL_DE-Va1 
912 |a GBV_ILN_176 
912 |a GBV_ILN_176_1 
912 |a GBV_ILN_244 
912 |a ISIL_DE-B41 
912 |a GBV_ILN_285 
912 |a ISIL_DE-517 
912 |a GBV_ILN_350 
912 |a ISIL_DE-2795 
912 |a GBV_ILN_350_ 
912 |a GBV_ILN_674 
912 |a GBV_ILN_791 
912 |a ISIL_DE-Hil6 
912 |a GBV_ILN_812 
912 |a GBV_ILN_813 
912 |a ISIL_DE-Mue73 
912 |a GBV_ILN_2001 
912 |a ISIL_DE-21 
912 |a GBV_ILN_2002 
912 |a ISIL_DE-21-32c 
912 |a GBV_ILN_2003 
912 |a ISIL_DE-25 
912 |a GBV_ILN_2006 
912 |a ISIL_DE-14 
912 |a GBV_ILN_2007 
912 |a ISIL_DE-352 
912 |a GBV_ILN_2008 
912 |a ISIL_DE-24 
912 |a GBV_ILN_2009 
912 |a ISIL_DE-180 
912 |a GBV_ILN_2010 
912 |a ISIL_DE-15 
912 |a GBV_ILN_2011 
912 |a ISIL_DE-16 
912 |a GBV_ILN_2012 
912 |a ISIL_DE-16-34 
912 |a GBV_ILN_2015 
912 |a ISIL_DE-93 
912 |a GBV_ILN_2018 
912 |a ISIL_DE-31 
912 |a GBV_ILN_2026 
912 |a ISIL_DE-100-520 
912 |a GBV_ILN_2030 
912 |a ISIL_DE-77 
912 |a GBV_ILN_2123 
912 |a ISIL_DE-He116 
912 |a GBV_ILN_2124 
912 |a ISIL_DE-Stg269 
912 |a GBV_ILN_2216 
912 |a ISIL_DE-He204 
912 |a GBV_ILN_2258 
912 |a ISIL_DE-Stg277 
912 |a GBV_ILN_2428 
912 |a ISIL_DE-L325 
912 |a GBV_ILN_2579 
912 |a ISIL_DE-Mz5 
935 |i sf 
935 |i Blocktest 
936 r v |a BD 5810  |b Geschichte und Kulturgeschichte  |k Theologie und Religionswissenschaften  |k Judaistik  |k Religions- und Kulturgeschichte der Juden  |k Neuzeit (ca. 1500 bis zur Aufklärung (Haskalah))  |k Darstellungen  |k Geschichte und Kulturgeschichte  |0 (DE-627)1270717316  |0 (DE-625)rvk/10175:  |0 (DE-576)200717316 
936 r v |a NY 4550  |b Allgemeines  |k Geschichte  |k Geschichte der Juden  |k Geschichte der Juden nach Zeitabschnitten und Ländern  |k Mittelalter und Neuzeit  |k Allgemeines  |0 (DE-627)1271541211  |0 (DE-625)rvk/132344:  |0 (DE-576)201541211 
936 r v |a NY 4610  |b Einzelbeiträge  |k Geschichte  |k Geschichte der Juden  |k Geschichte der Juden nach Zeitabschnitten und Ländern  |k Juden in Deutschland und Österreich  |k Einzelbeiträge  |0 (DE-627)1271383853  |0 (DE-625)rvk/132347:  |0 (DE-576)201383853 
936 b k |a 15.96  |j Geschichte des jüdischen Volkes außerhalb des Staates Israel  |0 (DE-627)106404660 
936 b k |a 15.34  |j Europäische Geschichte 1492-1789  |0 (DE-627)181569574 
936 s n |a b100  |2 mzub 
936 s n |a n100  |2 mzub 
936 s n |a m200  |2 mzub 
951 |a BO 
953 |2 045F  |a 305.8924043  |u https://www.gbv.de/dms/ddc/305.8924043.pdf 
980 |2 11  |1 00  |x DE-1a  |y UFa-jfk 
980 |2 11  |1 01  |x 0001  |b 561707065  |c 00  |f 2  |d 1 A 453080  |e u  |j --%%--  |y k  |z 17-07-02 
980 |2 21  |1 01  |x 0046  |b 591771322  |c 00  |f E03  |d a his 057.5 5r/48  |e u  |j --%%--  |h unc_202211  |y rza  |z 06-06-03 
980 |2 22  |1 01  |x 0018  |b 518438007  |c 00  |f H 227  |d G Ster II  |e i  |j --%%--  |y zi22708  |z 10-10-01 
980 |2 22  |1 02  |x 0018  |b 519286073  |c 00  |f SUB  |d A 2001/9435  |e u  |j --%%--  |y zu  |z 20-11-01 
980 |2 22  |1 03  |x 0018  |b 519398025  |c 00  |f H250  |d I Mh 3/64  |e i  |j --%%--  |y zi25008  |z 18-10-01 
980 |2 24  |1 01  |x 0008  |b 52372120X  |c 00  |f 10 gsh 140  |d Aw 8542  |e u  |j --%%--  |y zz1  |z 02-11-01 
980 |2 31  |1 01  |x 0027  |b 515234796  |c 00  |f J 23  |d HIS:OK:500:::2001  |e d  |j --%%--  |y z  |z 30-10-01 
980 |2 40  |1 01  |x 0007  |b 533588014  |c 00  |f FMAG  |d 2002 A 17165  |e u  |j --%%--  |y xsn  |z 06-11-02 
980 |2 40  |1 02  |x 0007  |b 770411770  |c 00  |f BBK-HIST  |d W II 3049  |e i  |j --%%--  |y zi053  |z 04-07-06 
980 |2 50  |1 01  |x 0023  |b 523598556  |c 00  |f --%%--  |d WS 56-3780  |e b  |j --%%--  |c 09  |f --%%--  |d 51.4163  |e --%%--  |j --%%--  |h barock2002-1  |y k  |z 06-12-01 
980 |2 60  |1 01  |x 0705  |b 543380300  |c 00  |f PAE  |d HIS 014:YB0047  |e u  |j --%%--  |y z  |z 09-07-02 
980 |2 61  |1 01  |x 0032  |b 543706826  |c 00  |f FHB  |d BD 5810 S839  |e b  |j --%%--  |c 09  |f --%%--  |d 167791 - A  |e --%%--  |j --%%--  |y r  |z 11-02-02 
980 |2 65  |1 01  |x 3/10  |b 518463915  |c 00  |f Ha 10-J  |d 933.5(43) Ster  |e c  |j --%%--  |y ka219  |z 22-11-01 
980 |2 65  |1 02  |x 0003  |b 592195651  |c 00  |f M1  |d 02 A 498  |e u  |j --%%--  |y k3  |z 19-02-03 
980 |2 69  |1 01  |x 0009  |b 559392206  |c 00  |f BB 310  |d 310/NY 4610 S839  |e u  |j --%%--  |y z  |z 30-09-02 
980 |2 72  |1 01  |x 0035  |b 544234499  |c 00  |f ZEN  |d 2002/458  |e u  |j --%%--  |y kz  |z 29-01-02 
980 |2 100  |1 01  |x 3100  |b 601492870  |c 00  |f FH  |d 2003.08657:1  |e u  |j --%%--  |y k  |z 12-02-13 
980 |2 120  |1 01  |x 0715  |b 738365041  |c 00  |f --%%--  |d his 057.5 5r CP 0852  |e u  |j --%%--  |h alma  |y z  |z 14-10-05 
980 |2 121  |1 01  |x 0045  |b 783215088  |c 00  |f --%%--  |d ZS 1835: 64  |e u  |j --%%--  |h alma  |y z  |z 21-03-02 
980 |2 123  |1 01  |x 3311  |b 718791436  |c 00  |f --%%--  |d GO 096  |e i  |j --%%--  |y z1  |z 09-05-05 
980 |2 130  |1 01  |x 0700  |b 761638563  |c 00  |f B  |d LHC 5041-176 2  |e u  |j --%%--  |y kb  |z 01-06-06 
980 |2 131  |1 01  |x 3131  |b 58226135X  |c 00  |f Lesebereich  |d LMOMste = 335877  |e u  |j --%%--  |y k  |z 08-01-03 
980 |2 176  |1 01  |x 3703/1  |b 541548883  |c 00  |f Au  |d Elg 01 : x 25717  |e u  |j --%%--  |y z1  |z 21-01-02 
980 |2 244  |1 01  |x 3244  |b 856388890  |c 00  |f --%%--  |d 51,291  |e i  |j --%%--  |y z  |z 21-01-08 
980 |2 285  |1 01  |x 0517  |b 3724160615  |c 00  |f 1419  |d --%%--  |e d  |j --%%--  |y z  |z 14-07-20 
980 |2 350  |1 01  |x 8293  |b 098083090  |c 00  |f MAG3  |d Nb 7410  |e i  |j --%%--  |y n  |z 11-07-02 
980 |2 674  |1 01  |x 4674  |b 1832442209  |c 00  |f GWLB  |d 2002/458  |e --%%--  |j --%%--  |y n  |z 01-05-11 
980 |2 791  |1 01  |x 3791  |b 895558130  |c 00  |f LS  |d GS 35-331  |e b  |j --%%--  |c 01  |f Magazin  |d 1 F e 00371  |e u  |j --%%--  |y n  |z 26-10-05 
980 |2 812  |1 01  |x 4812/0002  |b 3783226902  |c 00  |f A  |d 41300  |e d  |j --%%--  |y nA  |z 13-10-20 
980 |2 813  |1 01  |x 4813  |b 4390304801  |c 00  |f DMAG  |d 01:3343u  |e u  |j --%%--  |y ndbm  |z 05-10-23 
980 |2 2001  |1 01  |x DE-21  |b 3225860565  |c 00  |f --%%--  |d 41 A 12195  |e --%%--  |j --%%--  |y l01  |z 23-10-01 
980 |2 2002  |1 01  |x DE-21-32c  |b 3225860638  |c 00  |f --%%--  |d Ha b 9500-64  |e p  |j --%%--  |y l01  |z 24-08-05 
980 |2 2003  |1 01  |x DE-25  |b 3225860719  |c 00  |f --%%--  |d GE 2002/1057  |e --%%--  |j --%%--  |y l01  |z 13-12-01 
980 |2 2006  |1 01  |x DE-14  |b 3225860778  |c 00  |f --%%--  |d --%%--  |e --%%--  |j --%%--  |y l01  |z 26-10-01 
980 |2 2007  |1 01  |x DE-352  |b 3225860832  |c 00  |f --%%--  |d gsh 891/s92i  |e --%%--  |j --%%--  |y l01  |z 21-07-99 
980 |2 2008  |1 01  |x DE-24  |b 3225860913  |c 00  |f --%%--  |d 51/12255  |e --%%--  |j --%%--  |c 01  |f Magazin 9  |d BD 5810 51/12255  |e --%%--  |j --%%--  |k sa WP  |y l01  |z 26-11-01 
980 |2 2009  |1 01  |x DE-180  |b 3225860980  |c 00  |f MAG05  |d 2001 A 8033  |e --%%--  |j l  |y l01  |z 28-03-16 
980 |2 2010  |1 01  |x DE-15  |b 3225861057  |c 00  |f --%%--  |d --%%--  |e --%%--  |j --%%--  |y l01  |z 21-10-02 
980 |2 2011  |1 01  |x DE-16  |b 3225861111  |c 00  |f --%%--  |d 2001 A 9145  |e --%%--  |j --%%--  |y l01  |z 12-11-01 
980 |2 2012  |1 01  |x DE-16-34  |b 3225861189  |c 00  |f --%%--  |d Ol 206,13  |e p  |j --%%--  |y l01  |z 19-02-02 
980 |2 2015  |1 01  |x DE-93  |b 322586126X  |c 00  |f --%%--  |d 5G 997  |e --%%--  |j --%%--  |c 01  |f --%%--  |d FHZ:Wy 4610 S839  |e --%%--  |j --%%--  |k 1. Ex. in Freihand Zentrale  |y l01  |z 08-02-02 
980 |2 2018  |1 01  |x DE-31  |b 3225861340  |c 00  |f --%%--  |d 101 A 12623  |e --%%--  |j --%%--  |y l01  |z 03-01-02 
980 |2 2026  |1 01  |x DE-100-520  |b 3225861413  |c 00  |f 520J  |d 5480/72  |e p  |j n  |y l01  |z 21-06-02 
980 |2 2030  |1 01  |x DE-77  |b 4897049792  |c 00  |f --%%--  |d 223.765  |e --%%--  |j l  |y l01  |z 14-06-02 
980 |2 2123  |1 01  |x DE-He116  |b 3225861464  |c 00  |f --%%--  |d 933.5(43) LBI 64  |e --%%--  |j --%%--  |y l01  |z 13-11-01 
980 |2 2124  |1 01  |x DE-Stg269  |b 3225861545  |c 00  |f --%%--  |d --%%--  |e p  |j --%%--  |y l01  |z 13-03-02 
980 |2 2216  |1 01  |x DE-He204  |b 4378768623  |c 00  |f --%%--  |d bestellt  |e e  |j --%%--  |k Aus dem Bestand: Ehemalige Bibliothek Jüdische Presse Zentralrat B. 1/7  |y l01  |z 21-09-23 
980 |2 2258  |1 01  |x DE-Stg277  |b 3225861669  |c 00  |f --%%--  |d 9089-64  |e u  |j --%%--  |y l01  |z 06-03-09 
980 |2 2428  |1 01  |x DE-L325  |b 3225861693  |c 00  |f --%%--  |d Dc 40.1 (12)  |e p  |j --%%--  |y l01  |z 29-05-12 
980 |2 2579  |1 01  |x DE-Mz5  |b 470097589X  |c 00  |f IEG/2  |d DL 295-64  |e p  |j n  |y l01  |z 16-05-02 
982 |2 22  |1 01  |x 0018  |8 00  |a Hoffaktor 
982 |2 22  |1 01  |x 0018  |8 01  |a Absolutismus 
982 |2 350  |1 01  |x 8293  |8 00  |a Judentum 
982 |2 350  |1 01  |x 8293  |8 00  |a Absolutismus 
982 |2 350  |1 01  |x 8293  |8 00  |a Europa 
982 |2 350  |1 01  |x 8293  |8 00  |a 17.-18. Jh. 
982 |2 350  |1 01  |x 8293  |8 00  |a Hofjude 
982 |2 350  |1 01  |x 8293  |8 00  |a Elite 
982 |2 350  |1 01  |x 8293  |8 00  |a Judenemanzipation 
982 |2 674  |1 00  |x 4674  |8 00  |s g  |0 (DE-627)1042608482  |a Hannover 
982 |2 674  |1 00  |x 4674  |8 01  |s p  |0 (DE-627)1043017437  |a Behrens, Leffmann 
982 |2 674  |1 00  |x 4674  |8 02  |s s  |0 (DE-627)1042786674  |a Hoffaktor 
982 |2 674  |1 00  |x 4674  |8 03  |s s  |0 (DE-627)1042800200  |a Juden 
982 |2 791  |1 00  |x DE-Hil6  |8 00  |a Hofjude / Hoffaktor / Geschichte 1600 - 1800 
982 |2 791  |1 00  |x DE-Hil6  |8 01  |a Hoffaktor / Hofjude / Geschichte 1600 - 1800 
982 |2 812  |1 00  |x 4812  |8 00  |a HOFJUDEN 
982 |2 812  |1 00  |x 4812  |8 01  |a ABSOLUTISMUS JUDEN 
982 |2 813  |1 00  |x DE-Mue73  |8 00  |a Absolutismus / Hoffaktor 
983 |2 21  |1 00  |x DE-46  |8 30  |a his 057.5 5r 
983 |2 21  |1 00  |x DE-46  |8 99  |a 24 
983 |2 24  |1 01  |x 0008  |8 50  |0 (DE-627)253198704  |a gsh 140.40  |b Juden  |b Geschichte 1500-1800 
983 |2 24  |1 01  |x 0008  |8 70  |0 (DE-627)057953074  |a gsh 140  |b Juden  |b Geschichte 1500-1800 
983 |2 31  |1 00  |x DE-27  |8 00  |a HIS:OK:500 
983 |2 40  |1 00  |x DE-7  |8 00  |0 (DE-627)621256234  |a LEW 970  |b Historische Aspekte {Soziologie: Juden} 
983 |2 50  |1 00  |x DE-23  |8 00  |a BAROCK 11 - Wirtschaftsgeschichte, Sozialgeschichte 
983 |2 60  |1 00  |x DE-705  |8 00  |a his 315 
983 |2 60  |1 00  |x DE-705  |8 04  |a HIS 014 
983 |2 100  |1 00  |x DE-Ma9  |8 00  |a F/D 103 Hofj 
983 |2 120  |1 00  |x DE-715  |8 00  |a his 057.5 5r 
983 |2 120  |1 01  |x 0715  |8 00  |a his 057.5 5r 
983 |2 123  |1 00  |x DE-Ha33  |8 00  |a GO 
983 |2 123  |1 00  |x DE-Ha33  |8 01  |a GMg 
983 |2 123  |1 00  |x DE-Ha33  |8 02  |a QB 
983 |2 130  |1 01  |x 0700  |8 00  |a LHC 
983 |2 131  |1 00  |x DE-Va1  |8 00  |a LMOM 
983 |2 131  |1 00  |x DE-Va1  |8 01  |a MJE 
983 |2 674  |1 00  |x 4674  |8 00  |0 (DE-627)1043284095  |a 3.4.6.0  |b Historische Persönlichkeiten 
983 |2 812  |1 00  |x 4812  |8 00  |a 8 Ae 3 
983 |2 812  |1 00  |x 4812  |8 01  |a 8 Bf 
984 |2 11  |1 01  |x 0001  |a 136398084010 
984 |2 21  |1 01  |x 0046  |a 46$0008602700 
984 |2 22  |1 02  |x 0018  |a 931194278 
984 |2 24  |1 01  |x 0008  |a 8$0012289884 
984 |2 31  |1 01  |x 0027  |a 27$010027815 
984 |2 40  |1 01  |x 0007  |a 7$214896986 
984 |2 40  |1 02  |x 0007  |a 7$225267225 
984 |2 50  |1 01  |x 0023  |a 23$11351039 
984 |2 60  |1 01  |x 0705  |a 705/0$21761787 
984 |2 61  |1 01  |x 0032  |a 32$01263536 
984 |2 65  |1 01  |x 3/10  |a 3/44$000735353 
984 |2 65  |1 02  |x 0003  |a 3$003817938 
984 |2 69  |1 01  |x 0009  |a 9$05104149 
984 |2 72  |1 01  |x 0035  |a 35$033239444 
984 |2 100  |1 01  |x 3100  |a MA9$001047949 
984 |2 120  |1 01  |x 0715  |a 18057732 
984 |2 121  |1 01  |x 0045  |a 45$10296613 
984 |2 130  |1 01  |x 0700  |a 700$50411762 
984 |2 131  |1 01  |x 3131  |a VA1$03358775 
984 |2 176  |1 01  |x 3703/1  |a AU3$00200905 
984 |2 285  |1 01  |x 0517  |a 19019397 
984 |2 350  |1 01  |x 8293  |a 8293000554730 
984 |2 812  |1 01  |x 4812/0002  |a 41300X 
984 |2 813  |1 01  |x 4813  |a 0000206720 
985 |2 21  |1 01  |x 0046  |a vr 2848 
985 |2 22  |1 01  |x 0018  |a ZN 689/01 
985 |2 22  |1 03  |x 0018  |a 1207/01 
985 |2 31  |1 01  |x 0027  |a B 62326 
985 |2 40  |1 02  |x 0007  |a 2006.429 
985 |2 50  |1 01  |x 0023  |a 51.4163 
985 |2 60  |1 01  |x 0705  |a 2002 04414 
985 |2 65  |1 01  |x 3/10  |a 219/2001/00084 
985 |2 69  |1 01  |x 0009  |a 2002.10198 
985 |2 72  |1 01  |x 0035  |a F 2001.1789 
985 |2 120  |1 01  |x 0715  |a CP 0852 
985 |2 123  |1 01  |x 3311  |a 13.424 
985 |2 244  |1 01  |x 3244  |a 609/2001 
985 |2 285  |1 01  |x 0517  |a 19019397 
985 |2 350  |1 01  |x 8293  |a 2001/11565 
985 |2 791  |1 01  |x 3791  |a 02.0084K 
985 |2 813  |1 01  |x 4813  |a 01:3343 
985 |2 2002  |1 01  |x DE-21-32c  |a 01/853 
985 |2 2026  |1 01  |x DE-100-520  |a 570A 2002/69 
985 |2 2258  |1 01  |x DE-Stg277  |a 9089-64 
985 |2 2579  |1 01  |x DE-Mz5  |a 2002.162 
986 |2 674  |1 00  |x 4674  |a abs  |b S. 56 - 103: Der Kammeragent und Resident S. 59 - 66: Leffmann Behrens in Hannover; S. 191 - 208: Der Gemeindegründer und Mäzen S. 195 und 202: Leffmann Behrens in Hannover 
986 |2 812  |1 00  |x 4812  |b Literaturverz. S. 265-273 
989 |2 674  |1 00  |x 4674  |a S. 56 - 103: Der Kammeragent und Resident S. 59 - 66: Leffmann Behrens in Hannover; S. 191 - 208: Der Gemeindegründer und Mäzen S. 195 und 202: Leffmann Behrens in Hannover 
995 |2 21  |1 01  |x 0046  |a unc_202211 
995 |2 50  |1 01  |x 0023  |a barock2002-1 
995 |2 120  |1 01  |x 0715  |a alma 
995 |2 121  |1 01  |x 0045  |a alma